| 000 | 00527nam a2200169Ia 4500 | ||
|---|---|---|---|
| 003 | GCL | ||
| 008 | 140319s9999 xx 000 0 ara d | ||
| 040 |
_aGCL / _cGCL |
||
| 082 | 0 | 4 |
_a823 _bج ن |
| 100 | 1 | _aادرول، جورج | |
| 245 | 1 | 0 |
_a1984 نظرة مثيرة للحياة فى عام 1984 الحب الممنوع - الخوف - الخيانة / _cادرول، جورج |
| 700 | 1 | _aع.عبدالحليم (مترجم) | |
| 300 | _a280 ص | ||
| 490 | _a | ||
| 650 | 0 | 4 | _aالادب الامريكى |
| 942 |
_2ddc _cBK |
||
| 999 |
_c38364 _d38364 |
||